Algebraic topology

Uloženo v:
Podrobná bibliografie
Hlavní autor: Lefschetz, Solomon (Autor)
Médium: Kniha
Jazyk:angličtina
Vydáno: Nueva York American Mathematical Society 1942
Edice:American mathematical society colloquium publications, 27
Témata:
Tagy: Přidat tag
Žádné tagy, Buďte první, kdo vytvoří štítek k tomuto záznamu!

MARC

LEADER 00000nam a2200000 a 4500
001 UCW1292
003 CL-VaPUC
008 920103e19420000US |||||||||||||||||eng|d
082 0 4 |a 514.2  |b LEF  |2 21 
100 |a Lefschetz, Solomon  |e author  |9 564073 
245 1 0 |a Algebraic topology 
300 |a 393 p 
942 |c BK 
945 |d 19920103 00:00:00 
260 |a Nueva York  |b American Mathematical Society  |c 1942 
650 0 |a Topología algebraica   |9 269858 
583 |a last modification  |c 19920103 00:00:00  |k Rodrigo Vera 
490 0 |a American mathematical society colloquium publications, 27 
999 |c 216207  |d 216205 
952 |0 0  |1 0  |4 0  |6 514_200000000000000_LEF_1942  |7 0  |8 A  |9 201713  |a BIBMAT  |b BIBMAT  |d 2019-11-14  |i 2689596  |o 514.2 LEF 1942  |p 2689596  |r 2025-01-07  |w 2019-11-14  |y BK  |k MAT